00466 2200169 4500001002100000005001500021008004100036035002500077041000800102082000800110090000800118245006900126250001600195260003200211300002900243650002400272INLIS00000000001315520130516003037 ind  a0010-051300000013155 aind a348 a348 aKetetapan-Ketetapan Majekis Permusyawaratan Rakyat RI Tahun 1998 aCetakan : 1 aCilacapbBP-7 Cilacapc1993 a192 hlm. : ilus. ;18 cm. aPeraturan-Peraturan